Plant health handbook (Record no. 36856)

MARC details
000 -LEADER
fixed length control field 00264nam a2200109Ia 4500
082 ## - DEWEY DECIMAL CLASSIFICATION NUMBER
Classification number 632.9(035)
Item number PYE
100 ## - MAIN ENTRY--AUTHOR NAME
Personal name Pyenson, Louis
245 #0 - TITLE STATEMENT
Title Plant health handbook
260 ## - PUBLICATION, DISTRIBUTION, ETC. (IMPRINT)
Place of publication Westport
Name of publisher AVI
Year of publication 1981
942 ## - ADDED ENTRY ELEMENTS (KOHA)
Koha item type Books
Holdings
Withdrawn status Lost status Damaged status Not for loan Home library Current library Date acquired Cost, normal purchase price Full call number Accession Number Koha item type
        RRII Library RRII Library 16/12/2021 21.50 632.9(035) PYE 17253 Books